[Event "SRB-chT Premier"]
[Site "Bajina Basta"]
[Date "2023.09.25"]
[Round "8.4"]
[White "Mesic, Ismet"]
[Black "Predke, Alexandr"]
[Result "0-1"]
[WhiteElo "2271"]
[BlackElo "2652"]
[PlyCount "120"]
[EventDate "2023.09.18"]
[EventType "team-tourn"]
[EventRounds "11"]
[EventCountry "SRB"]
[SourceTitle "EXT 2024"]
[Source "ChessBase"]
[SourceDate "2023.10.10"]
[SourceVersion "1"]
[SourceVersionDate "2023.10.10"]
[SourceQuality "1"]
[WhiteTeam "Petrovaradin Kraljica"]
[BlackTeam "Belgrade Zmaj"]
[WhiteTeamCountry "SRB"]
[BlackTeamCountry "SRB"]

1. d4 Nf6 2. c4 e6 3. Nc3 Bb4 4. e3 c5 5. Bd3 Nc6 6. Nf3 Bxc3+ 7. bxc3 d6 8. 0-0 e5 9. e4 h6 10. h3 g5 11. d5 Ne7 12. h4 Ng6 13. hxg5 hxg5 14. Bxg5 Rh5 15. Qc1 Ke7 16. Re1 Qh8 17. Kf1 Rxg5 18. Qxg5 Nf4 19. Kg1 Bh3 20. Bf1 Bxg2 21. Bxg2 Rg8 22. Qh4 Qg7 23. Qg3 Qh7 24. Nh4 Kd7 25. Nf5 Rxg3 26. fxg3 Nxg2 27. Kxg2 Nxe4 28. Rxe4 Qxf5 29. Rae1 Ke7 30. R1e2 b6 31. R4e3 Qg4 32. Re4 Qg6 33. R4e3 f5 34. Rf3 Qg4 35. Ref2 Qe4 36. Kh2 Qxc4 37. Rxf5 Qxd5 38. Rh5 Qe4 39. Rh6 Qe3 40. Rff6 Qd2+ 41. Kh3 e4 42. Rfg6 Kd7 43. c4 Kc6 44. a4 e3 45. Rg7 Qd1 46. Rhh7 Qf1+ 47. Kh2 Qxc4 48. Rc7+ Kd5 49. Rh5+ Ke6 50. Rh6+ Kf5 51. Re7 Qe2+ 52. Kh3 Qf1+ 53. Kh2 Qf2+ 54. Kh3 Qg1 55. Rh5+ Kg6 56. Rh4 d5 57. Rg4+ Kf6 58. Rgg7 Qa1 59. Rgf7+ Kg6 60. Rf8 Qh1+ 0-1

[Event "SRB-chT Premier"]
[Site "Bajina Basta"]
[Date "2023.09.24"]
[Round "7.4"]
[White "Predke, Alexandr"]
[Black "Ter Sahakyan, Samvel"]
[Result "1/2-1/2"]
[WhiteElo "2652"]
[BlackElo "2614"]
[PlyCount "63"]
[EventDate "2023.09.18"]
[EventType "team-tourn"]
[EventRounds "11"]
[EventCountry "SRB"]
[SourceTitle "EXT 2024"]
[Source "ChessBase"]
[SourceDate "2023.10.10"]
[SourceVersion "1"]
[SourceVersionDate "2023.10.10"]
[SourceQuality "1"]
[WhiteTeam "Belgrade Zmaj"]
[BlackTeam "Elemir Naftagas"]
[WhiteTeamCountry "SRB"]
[BlackTeamCountry "SRB"]

1. d4 Nf6 2. c4 e6 3. Nc3 Bb4 4. Nf3 0-0 5. Bg5 c5 6. e3 h6 7. Bh4 cxd4 8. exd4 d5 9. Be2 dxc4 10. 0-0 Nc6 11. Bxc4 Be7 12. Re1 b6 13. a3 Bb7 14. Qd3 Nh5 15. Bg3 Nxg3 16. hxg3 Bf6 17. Rad1 Ne7 18. Ba2 g6 19. Ne5 h5 20. g4 Bxe5 21. dxe5 Qxd3 22. Rxd3 Rfd8 23. Red1 Rxd3 24. Rxd3 Kf8 25. gxh5 gxh5 26. f4 Ng6 27. Rd7 Rb8 28. g3 h4 29. Kh2 Bc6 30. Rc7 hxg3+ 31. Kxg3 Ne7 32. Bb1 1/2-1/2